| 000 | 00633nam a22001217a 4500 | ||
|---|---|---|---|
| 040 | _cRUA | ||
| 100 | _aCHUM SOPHEAKTHRA,ជុំ សុភ័ត្រ្តា | ||
| 245 | _aSTUDY ON LAND MARKET IN SKOUS COMMUNE,SAMRONGTONG DISTRICT, KAMPONG SPEU PROVINCE,ការសិក្សាអំពីតីផ្សារដីធ្លីនៅឃុំ ស្គុះ ស្រុកសំរោងទង ខេត្តកំពង់ស្ពឺ | ||
| 260 |
_aphnom penh _brua _c2019 |
||
| 300 |
_ax.39p. _bill. _c29cm. |
||
| 856 | _uhttps://drive.google.com/file/d/1wKTxpeZkjdtaquWzP0Uh7qwSpHXk_QqM/view?usp=share_link | ||
| 942 | _cLMA | ||
| 999 |
_c20504 _d20504 |
||